Personnages morts dans Game of Thrones - Mort subite - Statistiques

Statistiques générales
  • Ce quiz a été pris 3 745 fois
  • Le résultat moyen est 7 sur 20
Answers on the Grid
Answers color-coded by a green-red scale on the quiz's grid according to % correct below.
Arya Stark
Barristan Selmy
Benjen Stark
Béric Dondarrion
Brienne de Torth
Bronn
Cersei Lannister
Daario Naharis
Daenerys Targaryen
Davos Mervault
Drogon
Eddard Stark
Edmure Tully
Gendry Baratheon
Hodor
Jaqen H'Ghar
Jeor Mormont
Jon Snow
Lysa Arryn
Meera Reed
Mestre Luwin
Missandei
Myranda
Olenna Tyrell
Osha
Petyr Baelish (Littlefinger)
Podrick Payne
Qyburn
Ramsay Bolton
Rickon Stark
Robin Arryn
Roi de la nuit
Samwell Tarly
Sansa Stark
Shae
Tormund Fléau-d'Ogres
Tourte Chaude
Tyrion Lannister
Ver Gris
Yara Greyjoy
 
Statistiques - réponses
Réponse % Correct
Cersei Lannister
72%
Daenerys Targaryen
65%
Benjen Stark
63%
Barristan Selmy
53%
Eddard Stark
53%
Hodor
41%
Ramsay Bolton
34%
Béric Dondarrion
32%
Petyr Baelish (Littlefinger)
31%
Roi de la nuit
31%
Lysa Arryn
30%
Missandei
30%
Jeor Mormont
29%
Olenna Tyrell
27%
Rickon Stark
27%
Shae
26%
Mestre Luwin
20%
Osha
19%
Qyburn
16%
Myranda
14%
Aucun quiz correspondant
Distribution des résultats
% des personnes avec chaque résultat
Percentile par nombre de réponses
Votre historique - résultats
Vous n’avez pas pris ce quiz